1986 1706 1843 1237 1471 1913 1627 1070 1506 1715 1726 1024 1906 1307 1009 1542 1993 1946 1617 1112 1831 1004 1408 1879 1728 1614 1625 1733 1019 1103 1938 1024 1893 1766 1153 1596 1904 1441 1676 1226 1913 1858 1477 1068 1631 1526 1817 1498 1521 1217 1142 1659 1414 1358 1419 1494 1423 1870 1943 1396 1109 1141 1473 1635 1904 1669 1666 1092 1427 1170 1034 1178 1016 1357 1986 1532 1676 1021 1312 1142 1508 1262 1138 1253 1806 1411 1088 1297 1638 1063 1409 1719 1268 1234 1396 1796 1187 1078 1412 BCNSPRNW ULIB Ver.6.0+V

เปลี่ยนเป็นภาษาไทย

Change to English
 แสดงรายละเอียดบรรณานุกรม
  กลับหน้าหลัก

Brief Record : Get Marc (ISO 2709) : E-mail record : QR code < ปิดหน้าต่าง
LEADER : 00000nam 2200000uu 4500
001    13399121424
003     ULIB
008    120626s2546||||th 000 0 tha d
020    ^a9749152921
024    9789749152928
090    ^aรส.^bศ166ร
100 0  ^aศราวก
245 10 ^aโลกของหนูแหวน /^cศราวก
250    ^aพิมพ์ครั้งที่ 22
260    ^aกรุงเทพฯ :^bมูลนิธิสถาบันวิชาการ 14 ตุลา,^c2546
300    ^a88 หน้า ;^c21 ซม.
490 0  ^aหนังสือชุด ตุลาวรรณกรรม
500    ^aฉลองครบรอบ 30 ปี 14 ตุลา : 2516-2546 ร่วมวาระประวัติศาสตร์ วัน 14 ตุลา ประชาธิปไตย
650  4 ^aความเรียง
710 2  ^aมูลนิธิสถาบันวิชาการ 14 ตุลา
945    ^p0^l0^i14368
995    ^aทศพร
999 ^a ใช้งานได้ทุกระบบ
รายการนี้ยังไม่มีแท็ก
คุณยังไม่ได้ล็อกอิน คุณสามารถมีกิจกรรมร่วมกับเว็บไซต์ได้ แต่ต้องล็อกอินก่อน ::
  ล็อกอิน

รายการสื่อสารสนเทศ

ลำดับที่ ประเภท เลขเรียก/บาร์โค้ด สถานที่ สถานะ
1. นวนิยาย
นวนิยาย
รส. ศ166ร ฉ.1 
  Barcode: 14368
ห้องสมุดวิทยาเขตสวรรค์ประชารักษ์
►นวนิยาย
บนชั้น
  ขอยืม

รายการใกล้เคียง
    หัวเรื่อง [ความเรียง]

BibComment


ยังไม่เคยถูกคอมเมนท์

คอมเมนท์ทรัพยากรรายการนี้
  คอมเมนท์: โลกของหนูแหวน ศ..


 Copyright 2026. Bcnsprnw @Library